| 000 | 00736cam a2200265 i 4500 | ||
|---|---|---|---|
| 999 |
_c4303 _d4303 |
||
| 001 | 20919 | ||
| 003 | GBCCL | ||
| 005 | 20241126110515.0 | ||
| 008 | 760916s1976 ilu 000 0 eng | ||
| 010 | _a 76010505 //r84 | ||
| 020 |
_a0882077333 : _c$1.75 |
||
| 035 | _a(OCoLC)02507529 | ||
| 040 |
_aDLC _cDLC |
||
| 049 |
_aLBBK _c1-2 |
||
| 050 | 1 |
_aBS2675.3 _b.V36 |
|
| 082 |
_a227.207 _bGOR |
||
| 092 |
_a227.207 _bV253 |
||
| 100 | 1 |
_aVan Gorder, Paul R. _98118 |
|
| 245 | 1 | 4 |
_aThe church stands corrected / _cPaul R. Van Gorder. |
| 260 |
_aWheaton, Ill. : _bVictor Books, _cc1976. |
||
| 300 |
_a156 p. ; _c18 cm. |
||
| 490 | 0 | _aAn Input book | |
| 630 | 0 | 0 |
_aBible. _pN.T. _pCorinthians, 1st _xCommentaries. _98119 |
| 942 |
_2ddc _cBK _04 |
||